| 000 | 00905nas a2200277 4500 | ||
|---|---|---|---|
| 001 | BR8000276 | ||
| 003 | BR-BrBNA | ||
| 005 | 20231205084107.0 | ||
| 007 | ta | ||
| 008 | 230509b bl.|||p| |||| 00| 00por d | ||
| 040 |
_aBR-BrBNA _bpor _cBiblioteca Nacional de Agricultura |
||
| 041 | _a(Pt) | ||
| 072 | _aE10; E15 | ||
| 100 | 1 | _aLopes, M. de R. | |
| 111 | 1 |
_a16. Reuniao Anual da Sociedade Brasileira de Economia Rural _cFortaleza, CE (Brazil) _d8 Aug 1978 |
|
| 245 | 1 | _aPolitica monetaria e credito rural [Brasil] | |
| 246 | 1 | _a[Monetary policy and rural credit [Brazil]] | |
| 650 | _aMacroeconomia | ||
| 650 | _aMicroeconomia | ||
| 650 | _aPolitica economica | ||
| 650 | _aCredito rural | ||
| 650 | _aInflacao | ||
| 773 | 0 |
_tRevista de Economia Rural (Brazil) _xISSN 0100-4905 _g(Jan 1979), v. 17(1) p. 19-50 _wBR8000276 |
|
| 909 |
_a202311 _bLúcia _c55 _dLúcia Elande |
||
| 942 |
_2AGRIS _n0 _cANA |
||
| 999 |
_c103103 _d103103 |
||